|
|
|
|
| LEADER |
00000nam0a2200000 4500 |
| 001 |
59275 |
| 005 |
20231031060204.0 |
| 010 |
|
|
|a 5286012809
|
| 035 |
|
|
|a (RuTPU)RU\TPU\book\62650
|
| 090 |
|
|
|a 59275
|
| 100 |
|
|
|a 20031224d2002 km y0rusy50 ca
|
| 101 |
0 |
|
|a rus
|
| 102 |
|
|
|a RU
|
| 105 |
|
|
|a a z 001zy
|
| 200 |
1 |
|
|a Летопись необычайных явлений природы за 2,5 тысячелетия
|e (V в. до н. э.- XX в. н. э.)
|f Е. П. Борисенков, В. М. Пасецкий
|
| 210 |
|
|
|a СПб.
|c Гидрометеоиздат
|d 2002
|
| 215 |
|
|
|a 536 с.
|c ил.
|
| 320 |
|
|
|a Библиогр.: с. 510-534
|
| 610 |
1 |
|
|a климат
|
| 610 |
1 |
|
|a история
|
| 610 |
1 |
|
|a изменения
|
| 610 |
1 |
|
|a стихийные бедствия
|
| 610 |
1 |
|
|a природные катастрофы
|
| 610 |
1 |
|
|a климатические катастрофы
|
| 610 |
1 |
|
|a необычайные явления природы
|
| 610 |
1 |
|
|a летописные данные
|
| 610 |
1 |
|
|a наводнения
|
| 610 |
1 |
|
|a штормы
|
| 610 |
1 |
|
|a ливни
|
| 610 |
1 |
|
|a грозы
|
| 610 |
1 |
|
|a пожары
|
| 610 |
1 |
|
|a затмения
|
| 610 |
1 |
|
|a град
|
| 610 |
1 |
|
|a бури
|
| 610 |
1 |
|
|a землетрясения
|
| 610 |
1 |
|
|a кометы
|
| 610 |
1 |
|
|a засухи
|
| 610 |
1 |
|
|a смерчи
|
| 610 |
1 |
|
|a извержения
|
| 610 |
1 |
|
|a календари
|
| 610 |
1 |
|
|a летописи
|
| 675 |
|
|
|a 551.583
|v 3
|
| 675 |
|
|
|a 5:001.19
|v 3
|
| 700 |
|
1 |
|a Борисенков
|b Е. П.
|g Евгений Пантелеймонович
|
| 701 |
|
1 |
|a Пасецкий
|b В. М.
|g Василий Михайлович
|
| 801 |
|
1 |
|a RU
|b 63413507
|c 20031224
|g PSBO
|
| 801 |
|
2 |
|a RU
|b 63413507
|c 20050526
|g PSBO
|
| 942 |
|
|
|c BK
|